000
00297nmm a2200097Ia 4500
008
220120s9999||||xx |||||||||||||||||und||
020
_a
0-07-044540-0
100
_a
Digit
245
0
_a
Digit-Nov : Ted talks, java video tutorials 10hd game traile
260
_a
Nine dot nine interactive ltd.
_b
New Delhi
999
_c
139707
_d
139707